Statistics for popular roblox games

Click here to take the quiz!

General Stats

  • This quiz has been taken 28 times
  • The average score is 9 of 15

Answer Stats

HintAnswer% Correct
family and petsAdopt me
95%
bed fightsbedwars
86%
horror pigpiggy
86%
murder vs sherrifmurder mystery
82%
prisonjailbreak
73%
pet sim.pet simulator x
73%
towertower of hell
73%
RPbrookhaven
68%
pizza RPwork at a pizza place
68%
grandmagranny
59%
lucky itemslucky block
50%
hide from the hammer to not freezeflee the facility
36%
run from the killerin area 51survive and kill the killers in area 51
27%
tower defencetower defence simulator
27%
tower warsdoomspire brickbattle
18%

Score Distribution

Percentile by Number Answered

Percent of People with Each Score

Your Score History

You have not taken this quiz